000 00682nam a22001697a 4500
005 20140520110342.0
008 130515b ch ||||| |||| 00| 0 chi d
020 _a957202941X
020 _a9789572029411
100 _a林明輝 Ming-hui Lin
245 _a跳出傳統看聖經 : 基督教信仰之探討 Tiao chu chuan tong kan Sheng jing : Ji du jiao xin yang zhi tan tao
_c林明輝 Ming-hui Lin
250 _a出版 Chu ban
260 _a台南市 Tai nan shi :
_b人光出版 : 新樓書房發行代理 Ren guang chu ban : Xin lou shu fang fa xing dai li
_c2002
300 _a188 p. :
_c21 cm.
630 _aBible
_xCriticism, interpretation, etc. {ch}.
942 _2lcc
_cBK
999 _c36574
_d36574